00773nam a22002177a 4500999001900000005001700019010001500036020002600051035001400077037001300091082001100104100001700115245005600132250001200188260004100200270008400241300002700325500004000352942002500392952013800417 c168562d16856220191015142553.0 aENG-126661 a9789353163303c645.00 aEN-110193 bDBAD/PUB a005.82 aKahate, Atul aCryptography and network security /cby Atul Kahate a4th ed. aChennaibMcGraw Hill Educationc2019 a444/1, Sri Ekambara Naicker Industrial EstatebAlapakkam, Porur, Chenaie600116 axxvii,456p.c24cm(pbk) aIncludes references index and index 2ddccENh005.82mKAH 001040708NFICaZLSbZLSd2019-10-15eDBAD/PUBg645.00l4m3o005.82 KAHpEN-110193r2026-06-06 11:59:00s2026-05-09t1v645.00yEN